| 000 | 00538nam a22001577a 4500 | ||
|---|---|---|---|
| 005 | 20251108172135.0 | ||
| 008 | 250721s1990 xx 000 0 ara d | ||
| 082 | 1 | 4 | _a920.72/تكر |
| 100 | 1 | _aالتكريتي، شاكر علي | |
| 245 | 1 | 0 |
_aالأسيرة رقم 93 : _bمذكرات مديحة السلمان زوجة الشهيد محمود السلمان / |
| 264 | 1 |
_aبغداد : _bدار واسط للنشر و التوزيع، _c1990. |
|
| 300 | _a272ص. | ||
| 650 | 1 | 7 | _aالتراجم |
| 942 |
_2ddc _cBK |
||
| 999 |
_c71450 _d71450 |
||